000 00440nam a22001577a 4500
003 MPLRDC
005 20220104142823.0
008 210129b ||||| |||| 00| 0 eng d
082 _a520.28 JYB-2 1990
100 _a教育部侨民教育委员会
245 _a七十九学年度回国升学侨生人数统计资料
_c
260 _a
_b教育部侨民教育委员会
_c1991
300 _b
650 _a
942 _cBK
_o520.28 JYB-2 1990
999 _c33980
_d33970